| 000 | 01017nam a22003138i 4500 | ||
|---|---|---|---|
| 999 |
_c29238 _d29209 |
||
| 001 | 019999816 | ||
| 003 | EG-ScBUE | ||
| 005 | 20210726092824.0 | ||
| 008 | 201026s2020 nju f 000 0 eng d | ||
| 020 | _a9781119762935 (pbk.) | ||
| 040 |
_aStDuBDS _beng _erda _cStDuBDS _dEG-ScBUE |
||
| 082 | 0 | 4 |
_a371.3344678 _bLEM _222 |
| 100 | 1 |
_aLemov, Doug, _d1967- _eauthor. _915651 |
|
| 245 | 1 | 0 |
_aTeaching in the online classroom : _bsurviving and thriving in the new normal / _cDoug Lemov. |
| 264 | 1 |
_aHoboken, NJ : _bJossey-Bass, _c2020. |
|
| 300 |
_avi, 184 pages ; _c22 cm |
||
| 336 |
_atext _2rdacontent _btxt |
||
| 337 |
_aunmediated _2rdamedia _bn |
||
| 338 |
_avolume _2rdacarrier _bnc |
||
| 500 | _aIncludes appendix. | ||
| 650 | 7 |
_aWeb-based instruction. _2BUEsh |
|
| 650 | 7 |
_aDistance education. _2BUEsh _924799 |
|
| 650 | 7 |
_aInternet in education. _2BUEsh |
|
| 650 | 7 |
_aEffective teaching. _2BUEsh |
|
| 653 |
_bGGEN _cJuly2021 |
||
| 655 |
_vReading book _934232 |
||
| 942 |
_2ddc _cBB |
||